[Event "EU-ch 5th"]
[Site "Antalya"]
[Date "2004.05.23"]
[Round "8"]
[White "Istratescu, Andrei"]
[Black "Milov, Vadim"]
[Result "1-0"]
[WhiteElo "2587"]
[BlackElo "2680"]
[Annotator "Ribli,Z"]
[PlyCount "123"]
[EventDate "2004.05.15"]
[EventType "swiss"]
[EventRounds "13"]
[EventCountry "TUR"]
[SourceTitle "CBM 101"]
[Source "ChessBase"]
[SourceDate "2004.07.27"]
[SourceVersion "1"]
[SourceVersionDate "2004.07.27"]
[SourceQuality "1"]

1. d4 Nf6 2. c4 e6 3. Nf3 d5 4. Nc3 Bb4 5. cxd5 exd5 6. Bg5 Nbd7 7. e3 c5 8.
Bb5 {Das ist eine Nebenfortsetzung - die Hauptvariante ist 8.Bd3.} Qb6 {
Dieser Damezug wird gern von Großmeister Milov gespielt, aber 8...Qa5 scheint
mir besser. Ich muss anmerken, dass zwei Runden später Ivanchuk 8...Qa5 gegen
Istratescu spielte.} (8... Qa5 9. Bxd7+ (9. O-O $5 Bxc3 10. Bxd7+ Bxd7 $5 11.
Bxf6 Bb5 12. Bxg7 Rg8 13. bxc3 Bxf1 14. Qb1 $1 $44 {0-1 Atalik,S-Aleksandrov,A/
Budva 2003/CBM 96 ext/[Atalik] (53)}) 9... Nxd7 10. O-O Bxc3 (10... c4 11. Qc2
(11. e4 $2 {Dieser Zug führt zu einer schlechten Stellung.} Bxc3 12. bxc3 dxe4
13. Qe2 Qd5 14. Rfe1 O-O $1 {Das ist die richtige Moment, Schwarz gibt seinen
Bauern auf.} 15. Qxe4 Qxe4 16. Rxe4 Nb6 $15 {1/2-1/2 Atalik,S-Aleksandrov,A/
Istanbul 2003/CBM 96/[Atalik] (45) Dank seinem Spiel auf den hellen Feldern
hat Schwarz dauerhaften Vorteil.}) 11... O-O 12. Rfc1 (12. Bh4 Re8 13. Rfe1 Nf8
14. Nd2 Bd7 15. Rac1 b5 16. f3 Bc6 17. Bf2 Ne6 18. Nf1 Rad8 {0-1 Nep,R-Milov,V/
Amsterdam 2000/CBM 77 ext (34)}) 12... Nb6 $13) 11. bxc3 O-O (11... c4 12. Qc2
$14 {Das ist die richtige Zugfolge für Weiß.}) 12. Qc2 cxd4 13. cxd4 Nb6 14.
Qc5 Nc4 15. Rfc1 {1/2-1/2 Istratescu,A-Ivanchuk,V/Antalya TUR 2004/(15)}) 9.
Bxd7+ (9. Bxf6 Qxb5 10. Bxg7 Rg8 11. Be5 Rxg2 12. Bg3 Nf6 $13) 9... Nxd7 (9...
Bxd7 $2 10. dxc5 $1 Bxc3+ 11. bxc3 Qxc5 12. Bxf6 $16 gxf6 13. O-O Rg8 14. Qd3
Qc4 15. Qxc4 dxc4 16. Rfe1 O-O-O 17. Nd4 {1-0 Lerner,K-Tal,M/Moscow 1983/
URS-ch (45)}) 10. O-O Bxc3 11. bxc3 h6 12. Bh4 (12. Bf4 O-O 13. Qc2 Qe6 14. a4
b6 15. Rfb1 Ba6 16. a5 Rfc8 17. axb6 axb6 18. h3 {1/2-1/2 Moiseenko,A-Milov,V/
Geneve 2004/CBM 98 ext (18)}) 12... O-O {Ein typisches Bild in der
Ragozin-Variante - es gibt ungleichfarbige Läufer auf dem Brett, Weiß spielt
hauptsächlich auf den in dunklen Feldern, Schwarz auf den weißfarbigen Feldern.
} 13. a4 $5 $146 {Das ist die - zu Hause vorbereitete - Verbesserung. Mit dem
Textzug möchte Weiß die schwarzen Bauern am Damenflügel blockieren und Raum
gewinnen.} (13. Rc1 Qe6 14. Qb3 b6 15. Rfd1 Bb7 16. a4 c4 17. Qa3 a5 18. Ra1
Bc6 19. Bg3 Ra7 20. Qb2 Rb7 21. Rdb1 Ra8 22. h3 Ra6 {1/2-1/2 Lerner,K-Pytel,K/
Jurmala 1983/MCD (76)}) 13... Re8 14. a5 Qc6 15. Qb3 c4 (15... b5 $5 16. axb6
axb6 17. Rxa8 Qxa8 $11) 16. Qb4 $14 {[%csl Ga5,Gb4] Weiß hat positionellen
Druck am Damenflügel und es ist nicht leicht für Schwarz die Entwicklung zu
beenden.} Nf8 (16... b5 17. axb6 axb6 18. Bg3 $14) 17. Rfb1 {[%cal Gb1b7] Weiß
verhindert die Entwicklung des c8-Läufers.} (17. Ne5 Qe6 18. Bg3 f6 19. Nf3)
17... f6 18. Bg3 Ng6 19. Qd6 Bd7 (19... Qxd6 20. Bxd6 Kf7 21. Nd2 $14 {[%cal
Ge3e4]}) 20. h3 Rad8 21. Qc7 Bc8 22. a6 $1 {Weiß gewinnt weiter Raum am
Damenflügel und verschlimmt die schwarze Bauernstruktur.} Rd7 $8 23. Qxc6 bxc6
24. Rb8 {[%csl Gb8][%cal Gb8g8] Weiß hat deutlichen positionellen Druck am
Damenflügel, während - mit weniger Raum - Schwarz Schwierigkeiten mit der
Figurenkoordination hat.} Kf7 25. Ne1 $1 {[%cal Ge1c2,Gc2b4][%mdl 32] Mit
diesem Springermanöver (Ne1-Nc2-Nb4) zielt Weiß auf den c6-Bauern.} Ne7 26. Nc2
Nf5 27. Bh2 {[%csl Rc8,Gh2][%cal Gh2b8] Natürlich, Weiß lässt sich den Stolz
seiner Stellung, den dunkelfarbigen Läufer, nicht tauschen. Der Läufer des
Schwarzen spielte bis jetzt nur die Züge 19...Bd7 und 21...Bc8.} Nd6 28. Bxd6 {
Endlich tauscht Weiß den Läufer von selbst, was ist auch gut, aber die
Alternative 28.Nb4 wäere ebenfalls möglich.} (28. Nb4 Nb5 29. Nxc6 Nxc3 30. Ra8
$16) 28... Rxd6 29. Nb4 $16 {[%csl Ra7,Gb4,Rc6][%cal Ra1a5,Ra5c5,Rc5c6] Der
b4N steht ausgezeichnet - er verteidigt den eigenen Bauern auf a6 und greift
den c6-Bauern an.} Bf5 30. Rb7+ Re7 31. Ra5 Bc8 32. Rb8 Rc7 33. Rc5 {[%csl Gb4,
Gb8,Gc5] Weiß hat ein großes positionelles Übergewicht.} Ke7 34. e4 $1 {
Mit diesem Durchbruch erhöht Weiß seinen Positionsvorteil.} dxe4 35. d5 {
[%csl Rc6]} (35. Rxc4 Be6 36. Rc5 Kd7 $14) 35... f5 36. dxc6 Be6 (36... Rd1+
37. Kh2 Kd6 38. Rxc4 g5 39. Rd4+ Rxd4 40. cxd4 $16) 37. Rcb5 {[%cal Rb5b7,
Rb7e7]} Bc8 (37... Rd8 38. R5b7 Rxb8 39. Rxc7+ $18) 38. Nd5+ $2 {Nach diesem
Zug kann Schwarz das Spiel verlängern.} (38. R5b7 $1 Bxb7 (38... Kd8 39. Ra8
$18) 39. axb7 $18) 38... Rxd5 39. Rxd5 Rxc6 {Schwarz hat einen Bauern für die
Qualität, was eigentlich einige Rettungschancen geben sollte, aber seine
Stellung ist passiv.} 40. Ra8 Rc7 (40... Bxa6 41. Rxf5 $18) 41. Kf1 Ke6 42. Rd2
Bxa6 43. Ra2 Bc8 44. R8xa7 Rxa7 45. Rxa7 {[%mdl 4096]} Kf6 46. h4 f4 (46... g5)
47. Rc7 Be6 48. h5 g6 (48... Bf7 49. Rc5 $16) 49. hxg6 Kxg6 50. Rc5 {[%csl Gc5,
Rg6][%cal Gc5h5] Der c5R schneidet den schwarzen König ab.} h5 51. g3 Bh3+ 52.
Ke1 Bf5 (52... fxg3 53. fxg3 Be6 54. Kf2 $18 {[%csl Rc4,Re4,Rh5][%cal Gf2e3]
Alle drei schwarze Bauern sind schwach.}) 53. gxf4 (53. Rxc4 Kg5 54. Rc7 $18)
53... h4 54. Kf1 Be6 55. Rg5+ (55. f3 exf3 56. Kf2 $18) 55... Kf6 56. Rh5 h3
57. Kg1 Bg4 58. Rg5 Be2 59. Kh2 Bf1 60. Kg3 Bg2 61. Rh5 {Droht 62.Rxh3 und
Schwarz hat keine Verteidigung.} Kg6 62. Rxh3 $18 (62. Rxh3 Bxh3 63. Kxh3 Kf5
64. Kg3 $18) 1-0

[Event "Linares Anibal op 08th"]
[Site "Linares"]
[Date "2001.01.11"]
[Round "4"]
[White "Kempinski, Robert"]
[Black "Milov, Vadim"]
[Result "1-0"]
[WhiteElo "2543"]
[BlackElo "2604"]
[Annotator "Ribli,Z"]
[PlyCount "81"]
[EventDate "2001.01.08"]
[EventType "swiss"]
[EventRounds "11"]
[EventCountry "ESP"]
[SourceTitle "CBM 081"]
[Source "ChessBase"]
[SourceDate "2001.03.20"]
[SourceVersion "1"]
[SourceVersionDate "2001.03.20"]
[SourceQuality "1"]

1. d4 Nf6 2. c4 e6 3. Nf3 d5 4. Nc3 Bb4 {GM Milov spielt gerne die sogenannte
Ragosin Variante, die eigentlich ein Hybrid aus Damengambit und Nimzoindischer
Verteidigung darstellt.} 5. Qa4+ {Die Hauptfortsetzung lautet 5.cxd5 exd5 6.
Bg5 oder 5.Bg5.} (5. Bg5 h6 6. Bxf6 Qxf6 7. cxd5 exd5 8. Qa4+ Nc6 9. e3 O-O 10.
Be2 a6 11. O-O Be6 12. Rfc1 Bd6 13. Qd1 Rae8 14. Na4 Nd8 15. Nc5 Bc8 {
Yermolinsky,A-Milov,V/Groningen 75/(390) 1998/Inf 75 (31)}) 5... Nc6 6. Bd2 {
Das ist eine selten gespielte, hausgemachte Variante von Weiß.} (6. a3 Bxc3+ 7.
bxc3 O-O 8. Bg5 h6 9. Bh4 g5 10. Bg3 Ne4 11. Qc2 h5 12. Ne5 h4 13. Nxc6 bxc6
14. f3 Nd6 15. Bxd6 cxd6 16. e4 Qf6 {1/2-1/2 Van Wely,L-Milov,V/Biel 2000/CBM
79 (37)}) (6. Ne5 Bd7 7. Nxd7 Qxd7 8. a3 Bxc3+ 9. bxc3 Ne4 10. Qc2 O-O 11. e3
Na5 12. Bd3 f5 13. cxd5 exd5 14. a4 c5 15. Ba3 Rf6 16. Bxc5 Nxc5 17. dxc5 Rc8
18. O-O Rxc5 {1/2-1/2 Sokolov,I-Milov,V/Istanbul 2000/EXT 2001 (39)}) 6... O-O
7. e3 dxc4 (7... a6 8. Qc2 dxc4 9. Bxc4 Bd6 10. O-O e5 11. dxe5 {1/2-1/2
Kempinski,R-Kacheishvili,G/Guarapuava 1995/Juniors (11)}) (7... Bd7 8. Qc2 Re8
9. Rd1 Bf8 10. a3 a6 11. Bd3 {1-0 Dolezal,J-Florian,J/Kosice 1961/MCD (39)}) (
7... Bxc3 8. Bxc3 Ne4 9. Bd3 $14) 8. Bxc4 Bd6 {Das ist eine übliche Strategie
für Schwarz. Er möchte e6-e5 durchsetzen.} (8... a6 9. Qc2 $14) 9. Nb5 {
[%mdl 32] Weiß rochiert (noch) nicht, er möchte die Platzierung seines Königs
an der Spielweise von Schwarz ausrichten.} (9. O-O $6 e5 {Dieser Zug ist
stärker, wenn sich der weiße König am Königsflügel befindet.} 10. d5 (10. dxe5
Nxe5 11. Nxe5 (11. Be2 Nxf3+ 12. Bxf3 Bxh2+ 13. Kxh2 Qxd2 $17) 11... Bxe5 12.
Rad1 Bxh2+ 13. Kxh2 Ng4+ 14. Kg3 (14. Kg1 Qh4 $19) 14... Qd6+ 15. f4 Qg6 $40)
10... e4 $36) 9... e5 (9... a6 $5 10. Nxd6 cxd6 11. O-O Bd7 $11 {Weiß hat
vielleicht dank des Läuferpaares einen mikroskopisch kleinen Vorteil , aber
die Bauernstruktur ist symmetrisch und Schwarz hat keine Schwächen.}) 10. Nxd6
(10. dxe5 Nxe5 11. Nxe5 Bxe5 $11) 10... Qxd6 (10... cxd6 11. dxe5 dxe5 12. Bc3
Qe7 $11) 11. dxe5 Nxe5 12. Nxe5 Qxe5 13. Bc3 (13. O-O Ng4 (13... Qxb2) 14. f4
Qxb2 $17) 13... Qg5 14. O-O-O $14 {Weiß verfügt über ein starkes Läuferpaar
und Angriffschancen am Königsflügel.} (14. O-O $2 Bh3 $19) 14... Bf5 $6 {
Dieser Zug ist scheinbar stark, denn Schwarz nimmt die Diagonale h7-b1 unter
seine Kontrolle. In Wirklichkeit aber steht der Läufer nicht besonders gut auf
f5.} (14... Be6 $5 {Dieser Zug scheint mir logisch - Schwarz möchte den
starken Bc4 neutralisieren.}) (14... Qxg2 $4 15. Bxf6 $18) 15. h4 $1 Qg6 (15...
Qh6 16. Qb5 Be6 17. Bxe6 fxe6 18. Qxb7 Nd5 19. Rxd5 Rfb8 (19... exd5 20. Qxd5+
Kh8 21. Qg5 Qxg5 22. hxg5 Kg8 23. f4 $14) 20. Qxa8 Rxa8 21. Rd7 $16) 16. f3 {
Dieser Bauernzug ist stark - Weiß kann anschließend entweder e3-e4 oder g2-g4
ziehen.} c6 17. g4 {[%mdl 128]} b5 (17... Bxg4 18. Bd3 Bf5 19. e4 $18 (19. Rhg1
Bxd3 20. Rxg6 Bxg6 21. Bxf6 gxf6 22. Qf4 $18)) 18. gxf5 Qh6 (18... Qxf5 19. Qa5
$18 {[%cal Ga5f5]}) 19. Qa6 (19. Qc2 bxc4 20. Bd4 $14 {[%csl Gd4]}) 19... bxc4
(19... Qxe3+ 20. Kb1 (20. Bd2 $2 Qc5 $17) 20... bxc4 21. Bxf6 gxf6 22. Qxc6 (
22. Rhg1+ Kh8 23. Qxc6 Qb6 24. Qxc4 $16) 22... Qb6 23. Qxc4 $16) 20. Kb1 Qh5 {
[%cal Rh5f5,Rf5b1]} (20... Qxe3) 21. Qxc6 (21. Bxf6 $2 Qxf5+ 22. e4 Qxf6 23.
Qxc4 Rab8 $15) 21... Qxf5+ 22. Ka1 {[%csl Gc3] Weiß hat einen ausgezeichneten
Bc3, während der Nf6 weniger aktiv steht. Zudem steht der weiße König sehr
viel sicherer als sein Gegenüber.} Rac8 23. Qd6 {[%csl Gd6][%cal Gd1d8,Gc3g7]
Weiß kontrolliert die wichtigsten Felder und dominiert das Brett.} Nh5 {
Schwarz moechte den weise positionelle Druck neutralisieren.} (23... Qxf3 $2
24. Rhf1 Qc6 25. Rxf6 gxf6 (25... Qxd6 26. Rfxd6) 26. Rg1+ $18) 24. Rhg1 f6 {
[%csl Rh5] Weiß droht jetzt zwar nichts Konkretes, aber der Nh5 steht enorm
passiv.} 25. f4 {Droht 26.Rd5 mit Figurengewinn.} Qe4 26. a3 Rf7 27. Qd2 {
Das ist ein sehr schlauer Zug - Weiß möchte anschließend Bd4 und Qa5 ziehen.}
Re8 28. Bd4 {[%csl Gd4]} (28. Qe2 $2 Nxf4 $17) 28... Qe6 29. Qa5 $1 {[%cal
Ra5h5]} f5 30. Be5 {[%csl Ge5] Interessant - der schwarzfeldrige Läufer rückt
vor.} Rd7 (30... Nf6 31. Rd6 $14) 31. Qc5 (31. Rxd7 $5 Qxd7 32. Qa6 Rc8 33. Qh6
Qd1+ (33... Qf7 34. Rg5 $18) 34. Rxd1 gxh6 35. Rd6 $16) 31... Rxd1+ 32. Rxd1
Qf7 (32... Rc8 33. Qxa7 $16) 33. Rc1 Nf6 34. Qxc4 $16 {Weiß hat einen
Mehrbauern und dank seines starkes Läufers auch positionellen Vorteil.} Nd5 (
34... Qxc4 35. Rxc4 $16) 35. Rg1 (35. Qd4 $5 g6 36. h5 $18) 35... g6 $6 (35...
Nf6) 36. Qd4 (36. h5 $2 Nxe3 37. Qxf7+ Kxf7 38. hxg6+ hxg6 $11) 36... Rc8 37.
h5 $18 {Nach diesem Zug ist Schwarz hilflos - sein Königsflügel ist nicht mehr
zu verteidigen.} Rc6 38. hxg6 Rxg6 (38... hxg6 39. Rh1 Kf8 40. Rh8+ Ke7 41.
Qxa7+ $18) 39. Rc1 Qb7 (39... Nb6 40. e4 (40. Qd8+ Qf8 41. Qxf8+ Kxf8 42. Rc7
$16) 40... fxe4 41. Qxe4 $18) 40. Rd1 Ne7 41. Qc4+ {[%csl Rg8][%cal Rc4g8]} 1-0

[Event "Bundesliga 0405"]
[Site "Germany"]
[Date "2005.04.10"]
[Round "15.1"]
[White "Khenkin, Igor"]
[Black "Landa, Konstantin"]
[Result "1/2-1/2"]
[WhiteElo "2587"]
[BlackElo "2571"]
[Annotator "Ribli,Z"]
[PlyCount "51"]
[EventDate "2004.11.12"]
[EventType "team-tourn"]
[EventRounds "15"]
[EventCountry "GER"]
[SourceTitle "CBM 107"]
[Source "ChessBase"]
[SourceDate "2005.08.01"]
[SourceVersion "1"]
[SourceVersionDate "2005.08.01"]
[SourceQuality "1"]
[WhiteTeam "Tegernsee"]
[BlackTeam "Muelheim Nord"]
[WhiteTeamCountry "GER"]
[BlackTeamCountry "GER"]

1. d4 Nf6 2. c4 e6 3. Nf3 d5 4. Nc3 Bb4 {Landa spielt gerne die
Ragozin-Variante.} 5. Bg5 h6 6. Bxf6 Qxf6 7. e3 O-O 8. Qb3 {Die andere
Variante wäre 8.Rc1.} c5 9. cxd5 exd5 10. dxc5 Bxc3+ 11. Qxc3 (11. bxc3 Be6 12.
Nd4 Nd7 13. Qa3 Qe7 $13) 11... Qxc3+ 12. bxc3 Nd7 {Dieser Springerzug ist gut
spielbar, aber 12...Be6 ist ebenfalls in Erwägung zu ziehen.} (12... Be6 13.
Bb5 (13. Nd4 Rc8 14. Rb1 Nd7 15. c4 Nxc5 16. Nxe6 fxe6 17. cxd5 exd5 18. Be2
Ne4 19. Bg4 Rc6 20. f3 Nc5 $11 {1/2-1/2 Tregubov,P-Aleksandrov,A/Budva 2002/
EXT 2003 (41)}) 13... Rc8 14. Kd2 Rxc5 15. Rhb1 Rc7 $11 {[%csl Gc7][%cal Gb8c6]
1/2-1/2 Vaganian,R-Goldin,A/Mallorca 2004/CBM 104/[Ribli] (38)}) 13. Rd1 Nxc5 (
13... Nf6) 14. Rxd5 b6 {Ein typisches Bild in der Ragozin Variante: Weiß hat
einen Bauern mehr, aber seine Bauernstruktur und der Pc3 sind schwach.} 15. Rd4
(15. c4 Ba6 (15... Bb7 16. Rd4 Bxf3 17. gxf3 Rad8 (17... Rfd8 18. Rd5 Ne6 19.
Bd3 Nc7 20. Rxd8+ Rxd8 21. Ke2 Ne6 22. Be4 Nc5 23. Bd5 {1-0 Kosyrev,
V-Belozerov,A/Internet 2004/CBM 102 ext (51)}) 18. Kd2 Ne6 19. Rxd8 (19. Rd5
Nc7) 19... Rxd8+ 20. Kc3 Nc5 21. Be2 Kf8 22. Rg1 g5 (22... Rc8) 23. h4 f6 24.
Kc2 Rd6 {1/2-1/2 Malakhov,V-Delchev,A/Istanbul 2003/(67)}) 16. Nd4 Rfc8 17. f3
Nb7 18. Nb5 {1/2-1/2 Khenkin,I-Aleksandrov,A/Herceg Novi 2001/}) 15... Be6 (
15... Bb7 16. Bc4 Rac8 17. O-O Rc7 (17... Ne4 18. Ne5 Rc7 19. Rc1 b5 20. Bb3
Nxc3 21. Kf1 $14) 18. Rfd1 Ne6 19. Bxe6 fxe6 20. Rd7 Rxd7 21. Rxd7 Rf7 22. Rxf7
Kxf7 23. Kf1 $18 {1-0 Grivas,E-Ehlvest,J/Panormo 2002/(58)}) 16. Bc4 (16. c4
Rac8 17. Be2 Rc7 (17... Nb7 18. Nd2 Na5 $44) 18. Kd2 Rfc8 19. Rb1 Nb7 20. Kc3
Na5 21. Nd2 Nc6 22. Rd6 Kf8 23. Rb5 Ke7 24. Rd3 Na5 25. Rd4 Nb7 26. Rb4 Nd6 27.
a4 Nf5 28. Re4 Nd6 29. Rd4 Nf5 {1/2-1/2 Voloshin,L-Gerzhoy,L/Pardubice 2001/
(31)}) 16... Bxc4 (16... Rac8 17. O-O Bxc4 18. Rxc4 b5 19. Rb4 a6 20. Nd4 Na4
$11 {1/2-1/2 Ambarcumjan,A-Tompa,J/Cappelle la Grande 1991/EXT 97 (42)}) (16...
Rfc8 $5) 17. Rxc4 Rfc8 18. Nd2 (18. Rd4 Ne6 19. Rd3 Rc4 20. Nd4 Nc5 21. Rd2 Ne4
22. Rb2 Nxc3 23. Kd2 Rac8 24. Ra1 Kf8 {0-1 Padevsky,N-Langeweg,K/Amsterdam
1972/MCL 07 (49)}) 18... b5 $11 {[%mdl 4] Schwarz vertreibt den Turm von c4
und greift den c3-Bauern an.} 19. Rd4 Ne6 20. Rd3 Nc5 21. Rd5 (21. Rd4 Ne6)
21... Na4 22. Rxb5 Nxc3 23. Rb2 (23. Ra5 Nxa2 24. O-O $11) 23... Nxa2 {[%mdl
64] Mit diesem Zug gewinnt Schwarz einen Bauern zurück und gleicht die
Stellung aus.} 24. O-O Nc3 25. Ra1 a5 26. g3 1/2-1/2

[Event "Najdorf Memorial 11th"]
[Site "Buenos Aires"]
[Date "2000.09.23"]
[Round "6"]
[White "Karpov, Anatoly"]
[Black "Milov, Vadim"]
[Result "1/2-1/2"]
[WhiteElo "2699"]
[BlackElo "2626"]
[Annotator "Ribli,Z"]
[PlyCount "76"]
[EventDate "2000.09.18"]
[EventType "tourn"]
[EventRounds "9"]
[EventCountry "ARG"]
[EventCategory "14"]
[SourceTitle "CBM 080"]
[Source "ChessBase"]
[SourceDate "2001.01.25"]
[SourceVersion "1"]
[SourceVersionDate "2001.01.25"]
[SourceQuality "1"]

1. d4 Nf6 2. c4 e6 3. Nf3 d5 4. Nc3 Bb4 {Das ist die sogenannte
Ragozin-Variante, die in den vierziger Jahren sehr populär war. . Das ist eine
spezielle Mischung aus dem Damengambit und der Nimzoindischen Verteidigung, in
der Schwarz prinzipiell um die Herrschaft über das Feld e4 kämpft.} 5. Bg5 {
Die andere Hauptvariante ist 5.cxd5 exd5 6.Bg5.} Nbd7 (5... dxc4 {Auf diese
Weise kann Schwarz die scharfe Wiener Variante herbeiführen.}) 6. cxd5 exd5 7.
Qc2 O-O (7... h6 8. Bh4 c5 9. e3 Qa5 10. Bd3 O-O 11. O-O c4 12. Bf5 $14) (7...
c5 8. dxc5 Qa5 9. Bd2 $14) 8. a3 Bxc3+ (8... Be7 9. e3 $14 {Wir haben eine gut
bekannte Stellung der Abtauschvariante des Damengambits vor uns, aber mit
einem Mehrtempo für Weiß - denn Schwarz spielte 4...Bb4 und 8...Be7.}) 9. Qxc3
h6 (9... c6 10. e3 (10. Nd2 $5) 10... h6 (10... Qe8 11. Nd2 (11. Qc2 Ne4 12.
Bf4 Qe7 13. Bd3 f5 14. h4 Ndf6 15. Ne5 Nh5 16. g3 Be6 17. Qd1 Nxf4 18. gxf4 c5
19. dxc5 Nxc5 20. Nf3 d4 21. Nxd4 Rad8 22. Bc2 Bd5 23. Rg1 Be4 24. Bxe4 Qxe4
25. Kf1 {1-0 Van Wely,L-Giorgadze,G/Frankfurt 1999/EXT 2000 (59)}) 11... Ne4
12. Nxe4 {1/2-1/2 Garcia Ilundain,D-Giorgadze,G/Barcelona ESP 2000/The Week in
Chess 301 (12)}) (10... Qb6 11. Qb4 Ne4 12. Bf4 Qd8 13. Be2 a5 14. Qa4 c5 15.
Qc2 c4 16. Bxc4 dxc4 17. Qxe4 $16 {1/2-1/2 Lutz,C-Blatny,P/Germany 1995/
GER-chT (42)}) 11. Bh4 Qe8 (11... g5 12. Bg3 Ne4 13. Qc2 h5 14. Nd2 Nxd2 15.
Qxd2 h4 16. Bd6 Re8 17. Bd3 Nf6 18. Bb4 a5 19. Bc3 Ne4 20. Bxe4 dxe4 21. f3 Qd5
22. O-O {1/2-1/2 Bozinovic,B-Kovacevic,V/Kastel Stari 1997/CBM 57 ext (49)})
12. Bd3 Ne4 13. Qc2 Nb6 14. O-O Bf5 15. a4 Qe6 16. Nd2 Nd6 17. Nb3 Bxd3 18.
Qxd3 Nf5 19. Nc5 Qg6 20. Bg3 Nxg3 21. hxg3 Qxd3 22. Nxd3 Nc4 {1/2-1/2 Markos,
J-Luther,T/Istanbul TUR 2000/The Week in Chess 313 (40)}) 10. Bh4 c6 11. Nd2 $5
$146 {[%mdl 8] Eine interessante Idee - Weiß spielt (noch) nicht e2-e3,
sondern möchte mit f2-f3 den Springerzug Ne4 verhindern.} (11. e3 Qe8 12. Bd3
Ne4 13. Qc2 Nb6 14. O-O Bf5 15. Rfe1 Qe6 16. Nd2 Nd6 17. f3 Bxd3 18. Qxd3 Nbc4
19. Nxc4 Nxc4 20. b3 Nd6 21. Rac1 Rfe8 22. Bg3 Nf5 23. Bf2 Rad8 {0-1 Pelletier,
Y-Milov,V/Biel 1993/TD (67)}) 11... Qe8 {Die schwarze Dame geht aus der
Fesslung auf der Diagonale h4-d8.} (11... g5 12. Bg3 Ne4 13. Nxe4 dxe4 14. h4 (
14. e3 Nb6 $13 {[%cal Gb6d5]}) 14... Nb6 15. hxg5 Nd5 16. Qc2 Qa5+ 17. Qd2 $1 (
17. Kd1 $6 e3 $1 $13 18. gxh6 Bf5 19. h7+ (19. Qxf5 $4 Qd2#) 19... Kh8 20. Qc1
Qa4+ 21. Ke1 Qa5+ 22. Kd1 $11 (22. b4 $2 Nxb4 23. axb4 Qxb4+ 24. Kd1 Qxd4+ 25.
Ke1 Qb4+ 26. Kd1 Rfd8+ $19)) 17... Qxd2+ 18. Kxd2 hxg5 19. e3 $14) 12. f3 Qe6
13. e3 Nb6 14. Bf2 (14. O-O-O) 14... Nh5 15. g4 (15. O-O-O f5 $13) 15... Nf4
16. O-O-O $14 {Weiß hat das Läuferpaar und das bessere Figurenspiel. In der
Folge kann er im Zentrum mit e3-e4 aktiv werden.} Ng6 17. Bd3 Bd7 18. Kb1 {
Das ist immer ein nützlicher prophylaktischer Zug - Weiß vermeidet mögliche
Unannehmlichkeiten auf der c-Linie.} Na4 19. Qc2 c5 $5 {Ich bin mir nicht
sicher, ob diese Fortsetzung korrekt ist. Schwarz möchte nicht abwarten,
sondern strebt sofort Gegenspiel an.} 20. dxc5 Rac8 21. e4 $1 {[%cal Gf2c5]} (
21. Bf5 Qe7 22. Bxd7 Qxd7 23. Ne4 f5 24. gxf5 Qxf5 25. Qxa4 dxe4 $13) 21... d4
$5 {Schwarz opfert einen weiteren Bauer, aber auf diese Weise werden die
weißen Figuren (Bd3 und Nd2) etwas passiv.} (21... dxe4 22. Nxe4 $16 {[%csl
Gd3,Ge4]}) 22. Bxd4 Qe7 {[%cal Ge7c5]} 23. Nb3 b6 {[%cal Gc8c2]} 24. Ba6 Rc7
25. c6 $6 {Es ist klar, dass Weiß einen Bauern zurückgeben muss, aber nach der
Partiefortsetzung bekommt Schwarz die offene c-Linie.} (25. h4 Nxc5 26. Nxc5
bxc5 27. Qc3 $16 {[%cal Gc3c7]}) 25... Rxc6 26. Qd2 Rd6 $1 {[%cal Gd6d1] Die
Oppisition von Turm und Dame ist unangenehm für Weiß - es droht Be6 und Rfd8.}
27. Qb4 Ne5 28. Bb5 $2 (28. Bxe5 Qxe5 {[%cal Re5b2,Rb2b1]} 29. Rd4 $16) 28...
Bxb5 29. Qxb5 Nxf3 $1 {[%mdl 64]} 30. Qxa4 Qxe4+ 31. Ka2 Rfd8 {[%cal Rd8d1]
Schwarz hat nur einen Bauern für die Figur, aber Weiß sieht sich vor Problemen
bei der Koordination seiner Figuren. Er muss die Figur zurück geben.} 32. h3 $1
(32. Rhf1 Nxd4 33. Rfe1 Qxg4 34. Re8+ Rxe8 35. Qxe8+ Kh7 {[%cal Gg4d1]} 36.
Rxd4 Rxd4 37. Nxd4 Qxd4 38. Qxf7 $17) 32... Qe6 {[%cal Ge6a2]} (32... Nxd4 $2 {
Dieses Schlagen des Läufers kommt zu früh.} 33. Rhe1 Qf4 34. Re8+ Rxe8 (34...
Kh7 35. Rxd8 Rxd8 36. Rxd4 $18) 35. Qxe8+ Kh7 36. Qa4 b5 37. Qb4 a5 38. Rxd4
$18) 33. Ka1 Qd7 34. Qa6 (34. Qxd7 R8xd7 35. Rhe1 Nxe1 (35... Nxd4 36. Nxd4
Rxd4 37. Rxd4 Rxd4 38. Re8+ Kh7 39. Re7 {Wir haben nach Zugumstellung dieselbe
Stellung wie in der Partie nach 35...Nxe1.}) 36. Rxe1 Rxd4 37. Nxd4 Rxd4 38.
Re8+ Kh7 39. Re7 Kg6 40. Rxa7 Rd3 41. Rb7 Rxh3 42. Rxb6+ Kg5 $17) 34... Nxd4
35. Rxd4 Rxd4 36. Nxd4 Qxd4 37. Qxa7 {Endlich hat Weiß das materielle
Gleichgewicht wiederhergestellt.} Re8 $15 {Schwarz hat etwas bessere Chancen,
weil die weiße Dame etwas passiv auf a7 steht. Schwarz Hingegen hat starke
Kontrolle über die d- und e- Linie.} 38. Rf1 Qc4 1/2-1/2